| 000 | nas a22 7a 4500 | ||
|---|---|---|---|
| 999 |
_c8475 _d8475 |
||
| 005 | 20251007133402.0 | ||
| 008 | 2025 b ec ||||| |||| 00| 0 spa d | ||
| 040 | _aCIDAP | ||
| 041 | _aspa | ||
| 082 | _a780 | ||
| 084 | _aAP-861 | ||
| 245 | _aSan Bartolomé, la tierra donde la madera canta | ||
| 260 |
_aCuenca, _bDiario el Mercurio. Sábado 28 de junio del 2025. Año 100. Edición 38.040 |
||
| 300 | _a2A | ||
| 310 | _aDiario | ||
| 520 | _aReportaje sobre los artesanos que trabajan en madera y la construcción de guitarras en San Bartolomé, provincia del Azuay, Ecuador. | ||
| 650 |
_aARTESANOS-AZUAY _9274 |
||
| 650 |
_aÁNGEL UYAGUARI _912880 |
||
| 650 |
_aCONSTRUCCIÓN DE GUITARRAS _912881 |
||
| 650 |
_aOSWALDO LANDI _912882 |
||
| 650 |
_aINSTRUMENTOS MUSICALES-ECUADOR _912883 |
||
| 856 | _uhttp://documentacion.cidap.gob.ec:8080/handle/cidap/2230 | ||
| 942 |
_2ddc _cARP _zNC |
||